| 000 | 00594nac a22001931u 4500 | ||
|---|---|---|---|
| 020 | _a0406259402 | ||
| 082 |
_a332.76 _bDRU |
||
| 090 |
_c9547 _d9547 |
||
| 100 | _aDrury, Tony | ||
| 245 |
_aCredit cards / _cTony Drury, Charles W. Ferrier |
||
| 260 |
_aLondon : _bButterworths, 1984. _c1984 |
||
| 300 |
_axiv,177p. : _bill. ; _c 22cm |
||
| 500 | _adistributer: Al-Ahram | ||
| 500 | _a Includes index. | ||
| 511 | _acatalogued by: wessam | ||
| 650 |
_aCredit cards _z Great Britain. |
||
| 700 | _aFerrier, Charles W. | ||
| 942 |
_cBB _k332.76 DRU |
||
| 999 |
_c9547 _d9547 |
||